| 000 | 01418cam0 2200361 ib4500 | ||
|---|---|---|---|
| 001 | BY-BR0001-br20259024925 | ||
| 005 | 20250708162943.0 | ||
| 010 | ^a978-5-04-178811-7 | ||
| 100 | ^a20250624d2023 m y0rusy50 ca | ||
| 101 | 1 |
^arus ^ceng |
|
| 102 | ^aRU | ||
| 105 | ^ay z 000ay | ||
| 109 | ^ama | ||
| 200 | 1 |
^aМаленький чайный магазинчик в Токио ^fДжули Кэплин ^gперевод с английского Марии Петренко |
|
| 210 |
^aМосква ^cЭксмо ^d2023 |
||
| 215 |
^a349, [1] с. ^d19 см |
||
| 304 | ^aЗаглавие и автор оригинала: The Little Teashop In Tokyo / Julie Caplin | ||
| 333 | ^a16+ | ||
| 345 | ^93000 экз. | ||
| 454 | 0 |
^12001 ^aThe Little Teashop In Tokyo ^1700 1 ^aCaplin ^bJ. ^gJulie |
|
| 608 |
^aПРОЗА (лит. произведение) ^3BY-NLB-ar2648148 ^2BYGNR |
||
| 686 |
^a84(4Вел)-4 ^2rubbk |
||
| 690 |
^a1 ^2Base ^9BY-MI0015 ^xRSEK |
||
| 700 | 1 |
^aКэплин ^bД. ^gДжули ^cписательница ^3BY-PLRB-ar13994405 |
|
| 702 | 1 |
^aПетренко ^bМ. ^gМария ^4730 |
|
| 801 | 0 |
^aBY ^bBY-BR0001 ^c20250624 ^gRCR |
|
| 801 | 2 |
^aBY ^bBY-MI0015 ^c20250708 ^gRCR |
|
| 035 | ^a(BY-MI0015)BY-BR0001-br20259024925 | ||
| 899 | 0 |
^aBY-MI0015 ^iК98 ^h84(4Вел) |
|